Aviones : (Registro nro. 37145)

Detalles MARC
000 -CABECERA
Longitud fija campo de control 00756nam a2200169 4500
003 - • IDENTIFICADOR DELl NÚMERO DE CONTROL
Identificador del número de control CO-ViMGA
020 ## - • NÚMERO INTERNACIONAL NORMALIZADO PARA LIBROS
Número Internacional Normalizado para Libros (ISBN) 9789587662276
040 ## - FUENTE DE LA CATALOGACIÓN
Centro catalogador de origen CO-ViMGA
Lengua de catalogación spa
Centro transcriptor CO-ViMGA
100 1# - • PUNTO DE ACCESO PRINCIPAL-NOMBRE DE PERSONA
Nombre de persona Martinez, Liliana
245 10 - • TITULO PROPIAMENTE DICHO
Título Aviones :
Resto del título ¡Para armar, leer y jugar! /
Mención de responsabilidad, etc. Liliana Martinez
300 ## - • DESCRIPCIÓN FÍSICA
Extensión 10 p. :
Otras características físicas il. ; Rompecabezas en goma ; 21 cm.
520 ## - • NOTA DE RESUMEN
Resumen, etc, En este libro conocerás a Dusty y sus amigos y lo que han hecho para lograr triunfar en la competencia Alas por el mundo. Solo tienes que quitar las piezas de cada rompecabezas y volver a colocarlas en su lugar. ¡Podrás armar a los personajes una y otra vez!
650 14 - • PUNTO DE ACCESO ADICIONAL DE MATERIA - TÉRMINO DE MATERIA
Término de materia o nombre geográfico como elemento inicial Libros ilustrados para niños
942 ## - ENTRADA DE ELEMENTOS AGREGADOS (KOHA)
Fuente de clasificaión o esquema Dewey Decimal Classification
Koha [por defecto] tipo de item LIbro
Existencias
Perdido Fuente de clasificación o esquema Estado Físico No para préstamo Forma de adquisición Localización permanente Localización actual Fecha adquisición Préstamos totales Signatura completa Código de barras Fecha última consulta Fecha del precio de reemplazo Tipo de item de Koha
  Dewey Decimal Classification     Sala Infantil Segundo Piso Biblioteca Pública Germán Arciniegas - Villavicencio Biblioteca Pública Germán Arciniegas - Villavicencio 01/22/2020   C MARa 32952 01/22/2020 01/22/2020 LIbro
  Dewey Decimal Classification     Sala Infantil Segundo Piso Biblioteca Pública Germán Arciniegas - Villavicencio Biblioteca Pública Germán Arciniegas - Villavicencio 01/22/2020   C MARa 32953 01/22/2020 01/22/2020 LIbro









Instituto Departamental de Cultura del Meta - Red Departamental de Bibliotecas Públicas del Meta.